<?xml version="1.0" encoding="UTF-8"?>
<record
    xmlns:xsi="http://www.w3.org/2001/XMLSchema-instance"
    xsi:schemaLocation="http://www.loc.gov/MARC21/slim http://www.loc.gov/standards/marcxml/schema/MARC21slim.xsd"
    xmlns="http://www.loc.gov/MARC21/slim">

  <leader>00284nam a2200121Ia 4500</leader>
  <controlfield tag="008">191201s2015    xx            000 0 und d</controlfield>
  <datafield tag="100" ind1=" " ind2=" ">
    <subfield code="a">MITTAL,R.K</subfield>
  </datafield>
  <datafield tag="245" ind1=" " ind2="0">
    <subfield code="a">Financial Management Sem. 4</subfield>
  </datafield>
  <datafield tag="260" ind1=" " ind2=" ">
    <subfield code="a">N. delhi</subfield>
    <subfield code="b">V.K.Pub</subfield>
    <subfield code="c">2015</subfield>
  </datafield>
  <datafield tag="300" ind1=" " ind2=" ">
    <subfield code="a">216</subfield>
  </datafield>
  <datafield tag="650" ind1=" " ind2=" ">
    <subfield code="a">BBA</subfield>
  </datafield>
  <datafield tag="942" ind1=" " ind2=" ">
    <subfield code="2">ddc</subfield>
    <subfield code="c">BK</subfield>
    <subfield code="0">1</subfield>
  </datafield>
  <datafield tag="999" ind1=" " ind2=" ">
    <subfield code="c">6206</subfield>
    <subfield code="d">6206</subfield>
  </datafield>
  <datafield tag="952" ind1=" " ind2=" ">
    <subfield code="0">0</subfield>
    <subfield code="1">0</subfield>
    <subfield code="2">ddc</subfield>
    <subfield code="4">0</subfield>
    <subfield code="7">0</subfield>
    <subfield code="8">BBA</subfield>
    <subfield code="a">PIET</subfield>
    <subfield code="b">PIET</subfield>
    <subfield code="d">2015-06-02</subfield>
    <subfield code="e">KIRTI PRAKASHAN, NEW DELHI</subfield>
    <subfield code="g">165.00</subfield>
    <subfield code="k">IN2168</subfield>
    <subfield code="l">2</subfield>
    <subfield code="o">658.15 MIF</subfield>
    <subfield code="p">25253</subfield>
    <subfield code="r">2025-10-01 00:00:00</subfield>
    <subfield code="s">2025-09-19</subfield>
    <subfield code="v">135.30</subfield>
    <subfield code="w">2015-02-04</subfield>
    <subfield code="y">BK</subfield>
  </datafield>
  <datafield tag="952" ind1=" " ind2=" ">
    <subfield code="0">0</subfield>
    <subfield code="1">0</subfield>
    <subfield code="2">ddc</subfield>
    <subfield code="4">0</subfield>
    <subfield code="7">0</subfield>
    <subfield code="8">BBA</subfield>
    <subfield code="a">PIET</subfield>
    <subfield code="b">PIET</subfield>
    <subfield code="d">2015-06-02</subfield>
    <subfield code="e">KIRTI PRAKASHAN, NEW DELHI</subfield>
    <subfield code="g">165.00</subfield>
    <subfield code="k">IN2168</subfield>
    <subfield code="l">2</subfield>
    <subfield code="o">658.15 MIF</subfield>
    <subfield code="p">25254</subfield>
    <subfield code="r">2026-04-29 15:52:06</subfield>
    <subfield code="s">2026-04-29</subfield>
    <subfield code="v">135.30</subfield>
    <subfield code="w">2015-02-04</subfield>
    <subfield code="y">BK</subfield>
  </datafield>
  <datafield tag="952" ind1=" " ind2=" ">
    <subfield code="0">0</subfield>
    <subfield code="1">0</subfield>
    <subfield code="2">ddc</subfield>
    <subfield code="4">0</subfield>
    <subfield code="7">0</subfield>
    <subfield code="8">BBA</subfield>
    <subfield code="a">PIET</subfield>
    <subfield code="b">PIET</subfield>
    <subfield code="d">2015-06-02</subfield>
    <subfield code="e">KIRTI PRAKASHAN, NEW DELHI</subfield>
    <subfield code="g">165.00</subfield>
    <subfield code="k">IN2168</subfield>
    <subfield code="l">1</subfield>
    <subfield code="o">658.15 MIF</subfield>
    <subfield code="p">25255</subfield>
    <subfield code="r">2025-10-01 00:00:00</subfield>
    <subfield code="s">2025-09-19</subfield>
    <subfield code="v">135.30</subfield>
    <subfield code="w">2015-02-04</subfield>
    <subfield code="y">BK</subfield>
  </datafield>
  <datafield tag="952" ind1=" " ind2=" ">
    <subfield code="0">0</subfield>
    <subfield code="1">0</subfield>
    <subfield code="2">ddc</subfield>
    <subfield code="4">0</subfield>
    <subfield code="7">0</subfield>
    <subfield code="8">BBA</subfield>
    <subfield code="a">PIET</subfield>
    <subfield code="b">PIET</subfield>
    <subfield code="d">2015-06-02</subfield>
    <subfield code="e">KIRTI PRAKASHAN, NEW DELHI</subfield>
    <subfield code="g">165.00</subfield>
    <subfield code="k">IN2168</subfield>
    <subfield code="l">1</subfield>
    <subfield code="o">658.15 MIF</subfield>
    <subfield code="p">25256</subfield>
    <subfield code="q">2022-07-21</subfield>
    <subfield code="r">2022-01-22 00:00:00</subfield>
    <subfield code="s">2022-01-22</subfield>
    <subfield code="v">135.30</subfield>
    <subfield code="w">2015-02-04</subfield>
    <subfield code="y">BK</subfield>
    <subfield code="z">.</subfield>
  </datafield>
</record>
